00711nam a22001937a 450000500170000001000150001702000260003203500140005803700090007208200130008110000360009424500920013026000260022227000420024830000260029094200250031699900190034195201570036020250523150501.0 aENG-145016 a9789380574172c950.00 aEN-128548 bDBAD a230.221 aVartak, Pradmakarvishnu 981378 aThe Gleams Of Science In The Upanisads And Srimad Bhagwat Gita/cPradmakarvishnu Vartak aDelhibBookwellc2010 a3/79,Nirankari ColonybDelhie1100009 axxiii,363p.c24cm(Hb) 2ddccENh230.12mVAR c211405d211405 001040708NFICaNPLbNPLd2025-05-23eDelivery of Books Act Divisiong950.00l0o230.12 VARpEN-128548r2025-05-23 00:00:00t1v950.00w2025-05-23yEN